[Event "Karlsruhe Grenke op"]
[Site "Karlsruhe"]
[Date "2024.03.31"]
[Round "6"]
[White "Durak, Can"]
[Black "Solonar, Stefan"]
[Result "0-1"]
[WhiteElo "2450"]
[BlackElo "2271"]
[PlyCount "106"]
[EventDate "2024.03.28"]
[EventType "swiss"]
[EventRounds "9"]
[EventCountry "GER"]
[SourceTitle "CB14_2024"]
[SourceDate "2024.04.01"]
[SourceVersion "1"]
[SourceVersionDate "2024.04.01"]
[SourceQuality "1"]

1. d4 Nf6 2. Bg5 d5 3. e3 Bf5 4. Bxf6 exf6 5. Bd3 Qd7 6. Nf3 Bd6 7. Bxf5 Qxf5 8. 0-0 0-0 9. Nbd2 Qe6 10. Rc1 Nd7 11. c4 c6 12. Qb3 Rab8 13. Rfd1 f5 14. g3 Nf6 15. Ne1 Ne4 16. cxd5 cxd5 17. Ndf3 g5 18. Nd2 f4 19. exf4 gxf4 20. Ng2 Ng5 21. Nf3 Nh3+ 22. Kf1 fxg3 23. hxg3 Rfe8 24. Re1 Qf5 25. Ngh4 Qg4 26. Qc2 Re4 27. Rxe4 dxe4 28. Nh2 Qg5 29. Rd1 Nxf2 30. Qxf2 Bxg3 31. N4f3 exf3 32. Nxf3 Qg6 33. Qe2 Rc8 34. d5 Rc2 35. Rd2 Rc1+ 36. Rd1 Rxd1+ 37. Qxd1 h5 38. Qd4 b6 39. a4 Bd6 40. Nd2 Bc5 41. Qc4 Qf6+ 42. Ke1 Qxb2 43. Ne4 Qe5 44. Kd1 Bd4 45. Qd3 f5 46. Ng3 Qxd5 47. Nxf5 Qh1+ 48. Kc2 Qc6+ 49. Kb1 Bf6 50. Nh6+ Kg7 51. Nf5+ Kf8 52. Qe3 Qh1+ 53. Kc2 Qg2+ 0-1

[Event "BCF-chT 2324 (4NCL)"]
[Site "England"]
[Date "2024.02.10"]
[Round "5.6"]
[White "Li, Harry"]
[Black "Durak, Can"]
[Result "0-1"]
[WhiteElo "2114"]
[BlackElo "2396"]
[PlyCount "130"]
[EventDate "2023.11.11"]
[EventType "team-tourn"]
[EventRounds "11"]
[EventCountry "ENG"]
[SourceTitle "CB11_2024"]
[SourceDate "2024.03.13"]
[SourceVersion "1"]
[SourceVersionDate "2024.03.13"]
[SourceQuality "1"]
[WhiteTeam "Chessable White Rose II"]
[BlackTeam "Wood Green Youth"]
[WhiteTeamCountry "ENG"]
[BlackTeamCountry "ENG"]

1. e4 c5 2. Nf3 d6 3. d4 cxd4 4. Nxd4 Nf6 5. Nc3 Nc6 6. Bg5 e6 7. Qd2 a6 8. 0-0-0 Bd7 9. Kb1 b5 10. Nxc6 Bxc6 11. f3 h6 12. Be3 Qc7 13. Bd3 Be7 14. g4 Nd7 15. h4 Ne5 16. Qg2 Qb7 17. g5 h5 18. Rhe1 a5 19. Bd4 b4 20. Ne2 Nxd3 21. cxd3 e5 22. Be3 0-0 23. d4 Rac8 24. d5 Ba4 25. Rd2 Rc7 26. f4 Qa6 27. f5 Rfc8 28. f6 Bc2+ 29. Ka1 Bd8 30. fxg7 Qc4 31. Rxc2 Qxc2 32. Qf3 Kxg7 33. Rf1 Kg8 34. g6 f6 35. g7 Qa4 36. Qxh5 Rxg7 37. Qf5 Qd7 38. Ng3 Rc2 39. Qxd7 Rxd7 40. Nf5 Rg2 41. Rc1 Kh7 42. b3 Rg4 43. Rc4 Kg6 44. a3 Rxe4 45. Rxe4 Kxf5 46. Rc4 bxa3 47. h5 e4 48. h6 Ke5 49. Rc8 f5 50. h7 Rxh7 51. Rxd8 Rh3 52. Bb6 f4 53. Ka2 Kxd5 54. Kxa3 e3 55. Re8 Rh2 56. Bxa5 e2 57. Be1 f3 58. Kb4 Rh1 59. Bf2 Rf1 60. Bg3 Kd4 61. Kb5 Kd3 62. Rd8 f2 63. Rxd6+ Kc2 64. Bxf2 Rxf2 65. Re6 Kxb3 0-1

[Event "Vandoeuvre op 20th"]
[Site "Vandoeuvre les Nancy"]
[Date "2024.01.06"]
[Round "7"]
[White "Fromm, Marius"]
[Black "Durak, Can"]
[Result "1/2-1/2"]
[WhiteElo "2435"]
[BlackElo "2349"]
[PlyCount "86"]
[EventDate "2024.01.03"]
[EventType "swiss"]
[EventRounds "9"]
[EventCountry "FRA"]
[SourceTitle "CB02_2024"]
[SourceDate "2024.01.10"]
[SourceVersion "1"]
[SourceVersionDate "2024.01.10"]
[SourceQuality "1"]

1. e4 e5 2. Nf3 Nc6 3. Bc4 Bc5 4. c3 Nf6 5. d3 d6 6. 0-0 a6 7. a4 Ba7 8. Re1 h6 9. Nbd2 Ng4 10. Re2 0-0 11. h3 Nf6 12. Re1 Re8 13. b4 Be6 14. Bxe6 Rxe6 15. Rb1 b5 16. Qc2 Qd7 17. Nf1 Rd8 18. Be3 d5 19. Bxa7 Nxa7 20. axb5 axb5 21. Ne3 Nc6 22. Rbd1 Ne7 23. exd5 Nexd5 24. Nxd5 Qxd5 25. c4 Qd6 26. cxb5 Nd5 27. Qc4 Nxb4 28. Rxe5 Rxe5 29. Nxe5 Qxe5 30. Qxb4 Rd5 31. b6 cxb6 32. Qxb6 Qe2 33. Qb3 Rd4 34. Rc1 Rd8 35. Rd1 Rd4 36. Qb8+ Kh7 37. Qb1 Rb4 38. Qxb4 Qxd1+ 39. Kh2 Qxd3 40. Qf4 Qd7 41. Qg3 Qd5 42. Qf4 Qd7 43. Qg3 Qd5 1/2-1/2

[Event "London IM"]
[Site "London"]
[Date "2023.12.09"]
[Round "9"]
[White "Shearsby, Jude"]
[Black "Durak, Can"]
[Result "0-1"]
[WhiteElo "2159"]
[BlackElo "2319"]
[PlyCount "46"]
[EventDate "2023.12.05"]
[EventType "tourn"]
[EventRounds "9"]
[EventCountry "ENG"]
[SourceTitle "CB50_2023"]
[SourceDate "2023.12.13"]
[SourceVersion "1"]
[SourceVersionDate "2023.12.13"]
[SourceQuality "1"]
[WhiteTeam "Norm Seeker II"]
[BlackTeam "Norm Seeker"]
[WhiteTeamCountry "ENG"]
[BlackTeamCountry "ENG"]

1. e4 c5 2. Nf3 d6 3. Bb5+ Nd7 4. 0-0 a6 5. Bd3 Ngf6 6. Re1 e6 7. c3 Be7 8. Bc2 0-0 9. d4 cxd4 10. cxd4 b5 11. Nc3 Bb7 12. a3 Rc8 13. Qd3 Qc7 14. Bg5 h6 15. Bxf6 Nxf6 16. e5 dxe5 17. Nxe5 Rfd8 18. Rad1 Bxa3 19. bxa3 Qxc3 20. Bb3 Qxd3 21. Rxd3 Be4 22. Rdd1 Rc3 23. Re3 Rdc8 0-1

[Event "London IM"]
[Site "London"]
[Date "2023.12.08"]
[Round "8"]
[White "Durak, Can"]
[Black "Ribeiro, Rodrigo"]
[Result "1-0"]
[WhiteElo "2319"]
[BlackElo "2126"]
[PlyCount "50"]
[EventDate "2023.12.05"]
[EventType "tourn"]
[EventRounds "9"]
[EventCountry "ENG"]
[SourceTitle "CB50_2023"]
[SourceDate "2023.12.13"]
[SourceVersion "1"]
[SourceVersionDate "2023.12.13"]
[SourceQuality "1"]
[WhiteTeam "Norm Seeker"]
[BlackTeam "Norm Seeker III"]
[WhiteTeamCountry "ENG"]
[BlackTeamCountry "ENG"]

1. Nf3 d5 2. g3 g6 3. Bg2 Bg7 4. 0-0 b6 5. d4 Bb7 6. c4 dxc4 7. Qa4+ Nd7 8. Qxc4 Ngf6 9. Ng5 Bd5 10. Bxd5 Nxd5 11. Qxd5 e6 12. Qc4 0-0 13. Nc3 c5 14. dxc5 Nxc5 15. Nge4 Rc8 16. Be3 Nxe4 17. Qxe4 Qe7 18. Rad1 f5 19. Qa4 e5 20. Qd7 Qxd7 21. Rxd7 Rf7 22. Rfd1 Re8 23. Rxf7 Kxf7 24. Rd7+ Re7 25. Rxe7+ Kxe7 1-0

[Event "London IM"]
[Site "London"]
[Date "2023.12.05"]
[Round "2"]
[White "Durak, Can"]
[Black "Ribeiro, Gustavo"]
[Result "1-0"]
[WhiteElo "2319"]
[BlackElo "2187"]
[PlyCount "95"]
[EventDate "2023.12.05"]
[EventType "tourn"]
[EventRounds "9"]
[EventCountry "ENG"]
[SourceTitle "CB50_2023"]
[SourceDate "2023.12.13"]
[SourceVersion "1"]
[SourceVersionDate "2023.12.13"]
[SourceQuality "1"]
[WhiteTeam "Norm Seeker"]
[BlackTeam "Norm Seeker III"]
[WhiteTeamCountry "ENG"]
[BlackTeamCountry "ENG"]

1. d4 d5 2. c4 dxc4 3. Nf3 Nf6 4. e3 e6 5. Bxc4 c5 6. 0-0 a6 7. e4 b5 8. Be2 Nxe4 9. a4 b4 10. Nbd2 Bb7 11. Nxe4 Bxe4 12. Be3 Be7 13. dxc5 0-0 14. Rc1 Nc6 15. Nd2 Bd5 16. Nc4 Bf6 17. b3 Bc3 18. Nb6 Ra7 19. Nxd5 exd5 20. Bf3 Rd7 21. Bf4 Na5 22. Bd6 Rxd6 23. cxd6 d4 24. Be4 g6 25. Bd3 Qxd6 26. Rb1 Nb7 27. Qf3 Nc5 28. Rfd1 Re8 29. Bc4 Re7 30. Rbc1 Kg7 31. h3 Ne4 32. Rc2 f5 33. Re2 Rd7 34. h4 h5 35. Bd3 Nc5 36. Re8 Re7 37. Rxe7+ Qxe7 38. Bc4 Ne4 39. Bxa6 Qxh4 40. Bd3 Nd2 41. Qb7+ Kh6 42. a5 Qg4 43. Rxd2 Bxd2 44. a6 Qd1+ 45. Bf1 Qe1 46. a7 Be3 47. fxe3 dxe3 48. Qf3 1-0

[Event "BCF-chT 2324 (4NCL)"]
[Site "England"]
[Date "2023.11.11"]
[Round "1.3"]
[White "Durak, Can"]
[Black "Greet, Andrew"]
[Result "1/2-1/2"]
[WhiteElo "2310"]
[BlackElo "2404"]
[PlyCount "61"]
[EventDate "2023.11.11"]
[EventType "team-tourn"]
[EventRounds "11"]
[EventCountry "ENG"]
[SourceTitle "CB46_2023"]
[SourceDate "2023.11.15"]
[SourceVersion "1"]
[SourceVersionDate "2023.11.15"]
[SourceQuality "1"]
[WhiteTeam "Wood Green Youth"]
[BlackTeam "Wood Green"]
[WhiteTeamCountry "ENG"]
[BlackTeamCountry "ENG"]

1. d4 e6 2. c4 f5 3. g3 Nf6 4. Bg2 d5 5. Nh3 Bd6 6. 0-0 0-0 7. Qc2 c6 8. Nd2 b6 9. Nf3 Ba6 10. cxd5 cxd5 11. Bf4 h6 12. Rfc1 g5 13. Bxd6 Qxd6 14. Ne5 Nbd7 15. Qa4 Bb7 16. f4 g4 17. Nf2 a6 18. e3 Rfc8 19. Bf1 h5 20. Nfd3 Kg7 21. Qb3 Rxc1 22. Rxc1 Rc8 23. Rxc8 Bxc8 24. Nxd7 Nxd7 25. Qc2 Bb7 26. Ne5 Nxe5 27. fxe5 Qd7 28. b4 Qc8 29. Qxc8 Bxc8 30. a4 a5 31. bxa5 1/2-1/2

[Event "London Psyon"]
[Site "London"]
[Date "2023.08.08"]
[Round "3"]
[White "Durak, Can"]
[Black "Pein, Jonathan"]
[Result "1-0"]
[WhiteElo "2343"]
[BlackElo "2276"]
[PlyCount "21"]
[EventDate "2023.08.07"]
[EventType "tourn"]
[EventRounds "9"]
[EventCountry "ENG"]
[SourceTitle "CBM 215 Extra"]
[Source "ChessBase"]
[SourceDate "2023.09.30"]
[SourceVersion "1"]
[SourceVersionDate "2023.09.30"]
[SourceQuality "1"]

1. Nf3 Nf6 2. b3 b6 3. g3 g6 4. Bb2 Bb7 5. Bg2 Bg7 6. 0-0 0-0 7. c4 c5 8. d4 cxd4 9. Qxd4 Qc7 10. Nc3 Ne4 11. Qxg7+ 1-0

[Event "London Psyon"]
[Site "London"]
[Date "2023.08.07"]
[Round "1"]
[White "Durak, Can"]
[Black "Bremner, Adam"]
[Result "1-0"]
[WhiteElo "2343"]
[BlackElo "2176"]
[PlyCount "47"]
[EventDate "2023.08.07"]
[EventType "tourn"]
[EventRounds "9"]
[EventCountry "ENG"]
[SourceTitle "CBM 215 Extra"]
[Source "ChessBase"]
[SourceDate "2023.09.30"]
[SourceVersion "1"]
[SourceVersionDate "2023.09.30"]
[SourceQuality "1"]

1. d4 d5 2. c4 e6 3. Nc3 a6 4. cxd5 exd5 5. Qb3 c6 6. e4 dxe4 7. Bc4 Qe7 8. a4 Nf6 9. a5 g6 10. Bd2 Nbd7 11. Nh3 h6 12. 0-0 Bg7 13. f3 0-0 14. fxe4 Nxe4 15. Nxe4 Qxe4 16. Bxf7+ Kh7 17. Rf4 Qe2 18. Qc2 Bxd4+ 19. Kh1 Ne5 20. Bxg6+ Nxg6 21. Rxf8 Qe7 22. Raf1 Bg7 23. R8f7 Qe6 24. Bc3 1-0

[Event "BCF-chT 2223 (4NCL)"]
[Site "England"]
[Date "2023.04.29"]
[Round "9.5"]
[White "Starley, Robert"]
[Black "Durak, Can"]
[Result "0-1"]
[WhiteElo "2079"]
[BlackElo "2301"]
[PlyCount "70"]
[EventDate "2022.10.22"]
[EventType "team-swiss"]
[EventRounds "11"]
[EventCountry "ENG"]
[SourceTitle "EXT 2024"]
[Source "ChessBase"]
[SourceDate "2023.10.10"]
[SourceVersion "1"]
[SourceVersionDate "2023.10.10"]
[SourceQuality "1"]
[WhiteTeam "Cambridge University"]
[BlackTeam "Wood Green Youth"]
[WhiteTeamCountry "ENG"]
[BlackTeamCountry "ENG"]

1. e4 e5 2. Nf3 Nc6 3. Bb5 a6 4. Ba4 Nf6 5. Nc3 Bc5 6. 0-0 d6 7. d4 exd4 8. Nxd4 Bd7 9. Nxc6 Bxc6 10. Bxc6+ bxc6 11. Bg5 h6 12. Bh4 0-0 13. Qd3 Re8 14. Rfe1 g5 15. Bg3 Nh5 16. Rad1 Qe7 17. Na4 Ba7 18. Qc3 Qf6 19. Qd2 Re6 20. Nc3 Nxg3 21. hxg3 Rae8 22. Rf1 Qe5 23. Qd3 Qa5 24. g4 Qb6 25. b3 Rf6 26. Na4 Qb5 27. g3 Qe5 28. Nc3 h5 29. gxh5 g4 30. Ne2 Rf3 31. Qxa6 Rxg3+ 32. Nxg3 Qxg3+ 33. Kh1 Qh3+ 34. Kg1 g3 35. Qxa7 Qh2# 0-1

[Event "Belgrade Radnicki IM 03"]
[Site "Belgrade"]
[Date "2023.03.29"]
[Round "6"]
[White "Djokic, Nenad"]
[Black "Durak, Can"]
[Result "0-1"]
[WhiteElo "2246"]
[BlackElo "2308"]
[PlyCount "96"]
[EventDate "2023.03.24"]
[EventType "tourn"]
[EventRounds "9"]
[EventCountry "SRB"]
[SourceTitle "CBM 213 Extra"]
[Source "ChessBase"]
[SourceDate "2023.05.31"]
[SourceVersion "1"]
[SourceVersionDate "2023.05.31"]
[SourceQuality "1"]

1. d4 Nf6 2. Nf3 e6 3. c4 Bb4+ 4. Bd2 Qe7 5. g3 Bxd2+ 6. Qxd2 Nc6 7. Nc3 d5 8. cxd5 exd5 9. Bg2 0-0 10. 0-0 Re8 11. e3 Bf5 12. Rac1 a6 13. a3 Na7 14. Ne5 c6 15. f3 Rad8 16. Na4 Nd7 17. Nxd7 Bxd7 18. Rfe1 Nb5 19. Nc5 Bc8 20. a4 Nd6 21. b3 h5 22. Qf2 Nf5 23. Bh3 Qf6 24. Bxf5 Qxf5 25. a5 Re7 26. Rcd1 Qg6 27. e4 dxe4 28. fxe4 h4 29. Re3 Qh5 30. Rd2 Rd6 31. gxh4 Rf6 32. Qe1 Rf4 33. Rg2 Rxh4 34. Reg3 f6 35. Kh1 Bh3 36. Rf2 Bf5 37. Re3 Bxe4+ 38. Nxe4 Rexe4 39. Rxe4 Qd5 40. Rfe2 Rxe4 41. Rxe4 f5 42. Kg2 fxe4 43. Qc3 e3+ 44. Kg3 Qe4 45. b4 Kh7 46. h3 Kh6 47. h4 e2 48. Qd2+ Kh7 0-1

[Event "Arandjelovac op 1st"]
[Site "Arandjelovac"]
[Date "2023.03.19"]
[Round "6"]
[White "Durak, Can"]
[Black "Shyam, Nikil P"]
[Result "1/2-1/2"]
[WhiteElo "2308"]
[BlackElo "2477"]
[PlyCount "65"]
[EventDate "2023.03.15"]
[EventType "swiss"]
[EventRounds "9"]
[EventCountry "SRB"]
[SourceTitle "CBM 213 Extra"]
[Source "ChessBase"]
[SourceDate "2023.05.31"]
[SourceVersion "1"]
[SourceVersionDate "2023.05.31"]
[SourceQuality "1"]

1. d4 Nf6 2. c4 e6 3. Nc3 Bb4 4. e3 0-0 5. Bd2 c5 6. a3 Bxc3 7. Bxc3 Ne4 8. Rc1 b6 9. dxc5 Nxc3 10. Rxc3 bxc5 11. Nf3 Nc6 12. Be2 Rb8 13. Rb3 Qa5+ 14. Nd2 Ba6 15. Rxb8 Rxb8 16. Qc2 d5 17. 0-0 Ne5 18. Rd1 h6 19. h3 dxc4 20. Bf1 Bb5 21. Qe4 Qc7 22. Rc1 f5 23. Qc2 Qd7 24. Nxc4 Bxc4 25. Bxc4 Nxc4 26. Qxc4 Rxb2 27. Qxc5 Qd2 28. Rf1 Qd7 29. Qc3 Rd2 30. Re1 Qd6 31. Qb4 Qxb4 32. axb4 Rb2 33. Ra1 1/2-1/2

[Event "Arandjelovac op 1st"]
[Site "Arandjelovac"]
[Date "2023.03.18"]
[Round "5"]
[White "Hovakimyan, Vache"]
[Black "Durak, Can"]
[Result "0-1"]
[WhiteElo "2025"]
[BlackElo "2308"]
[PlyCount "108"]
[EventDate "2023.03.15"]
[EventType "swiss"]
[EventRounds "9"]
[EventCountry "SRB"]
[SourceTitle "CBM 213 Extra"]
[Source "ChessBase"]
[SourceDate "2023.05.31"]
[SourceVersion "1"]
[SourceVersionDate "2023.05.31"]
[SourceQuality "1"]

1. d4 Nf6 2. c4 e6 3. Nc3 Bb4 4. e3 c5 5. a3 Bxc3+ 6. bxc3 0-0 7. Bd3 Nc6 8. Ne2 e5 9. 0-0 d6 10. d5 Ne7 11. e4 Ng6 12. Rb1 b6 13. f3 Nh5 14. g3 Bh3 15. Rf2 Nf6 16. Kh1 Bd7 17. Bg5 h6 18. Be3 Qe7 19. Qd2 Nh7 20. Qc2 Rae8 21. g4 Ng5 22. Qd2 Nh3 23. Rg2 Qf6 24. Rf1 Nhf4 25. Rg3 Rb8 26. Rfg1 Rfe8 27. Bxf4 exf4 28. R3g2 Re5 29. Rb1 Kf8 30. Bc2 Nh4 31. Qxf4 Qxf4 32. Nxf4 Nxg2 33. Kxg2 Ree8 34. a4 a6 35. Ra1 Ra8 36. Bd3 b5 37. axb5 axb5 38. Rxa8 Rxa8 39. cxb5 Ra3 40. Ne2 Rb3 41. h4 Bxb5 42. Bxb5 Rxb5 43. Kf2 Rb1 44. h5 Ke7 45. Ke3 Rd1 46. c4 Ra1 47. Nc3 Ra3 48. Kd3 g6 49. hxg6 fxg6 50. f4 h5 51. gxh5 gxh5 52. Kd2 h4 53. e5 h3 54. f5 dxe5 0-1

[Event "London Mindsports IM-B"]
[Site "London"]
[Date "2023.02.19"]
[Round "9"]
[White "Hill, Alistair"]
[Black "Durak, Can"]
[Result "1/2-1/2"]
[WhiteElo "2173"]
[BlackElo "2350"]
[PlyCount "74"]
[EventDate "2023.02.15"]
[EventType "tourn"]
[EventRounds "9"]
[EventCountry "ENG"]
[EventCategory "1"]
[SourceTitle "CBM 212 Extra"]
[Source "ChessBase"]
[SourceDate "2023.03.31"]
[SourceVersion "1"]
[SourceVersionDate "2023.03.31"]
[SourceQuality "1"]

1. e4 c5 2. Nf3 Nc6 3. Bb5 e6 4. 0-0 Nge7 5. Re1 Nd4 6. Bf1 Nec6 7. c3 Nxf3+ 8. Qxf3 Be7 9. Na3 0-0 10. Nc2 b6 11. d4 cxd4 12. cxd4 Bb7 13. Bd2 d6 14. Bc3 Rc8 15. Rad1 Nb8 16. Qg4 d5 17. e5 Ba6 18. f4 Qd7 19. Ne3 Bxf1 20. Rxf1 f5 21. Qh3 Na6 22. g4 g6 23. Kh1 Kh8 24. Rf3 Bb4 25. gxf5 gxf5 26. Bxb4 Nxb4 27. Rg3 Rg8 28. a3 Nc6 29. Qh6 Qf7 30. Ng2 Rxg3 31. hxg3 Rg8 32. Kh2 Qg6 33. Qh4 Qg7 34. Ne1 Qe7 35. Qh5 Qe8 36. Qh4 Qe7 37. Qh5 Qe8 1/2-1/2

[Event "London Mindsports IM-B"]
[Site "London"]
[Date "2023.02.18"]
[Round "6"]
[White "Durak, Can"]
[Black "Buckley, Graeme N"]
[Result "0-1"]
[WhiteElo "2350"]
[BlackElo "2344"]
[PlyCount "102"]
[EventDate "2023.02.15"]
[EventType "tourn"]
[EventRounds "9"]
[EventCountry "ENG"]
[EventCategory "1"]
[SourceTitle "CBM 212 Extra"]
[Source "ChessBase"]
[SourceDate "2023.03.31"]
[SourceVersion "1"]
[SourceVersionDate "2023.03.31"]
[SourceQuality "1"]

1. d4 Nf6 2. c4 c5 3. d5 b5 4. cxb5 a6 5. bxa6 g6 6. Nc3 Bxa6 7. e4 Bxf1 8. Kxf1 d6 9. g3 Bg7 10. Nf3 0-0 11. Kg2 Nbd7 12. a4 Qb6 13. Qe2 Rfb8 14. Ra3 Qb4 15. Nd2 Ne8 16. Nc4 Nb6 17. Nxb6 Rxb6 18. Na2 Qa5 19. b3 Qa6 20. Qc2 Nc7 21. Rd1 Qb7 22. Nc3 Rb8 23. Be3 Rb4 24. f3 Rxb3 25. Rxb3 Qxb3 26. Qxb3 Rxb3 27. Rb1 Rxb1 28. Nxb1 Kf8 29. Kf2 e6 30. dxe6 fxe6 31. f4 Na6 32. Na3 Ke7 33. Ke2 d5 34. exd5 exd5 35. g4 Ke6 36. h3 Bb2 37. Nb5 d4 38. Bf2 Nb4 39. a5 Kd5 40. f5 gxf5 41. gxf5 Ke5 42. Nc7 c4 43. a6 d3+ 44. Kd1 c3 45. Be3 c2+ 46. Ke1 Bc3+ 47. Kf2 Nxa6 48. Nxa6 Bd4 49. Nb4 Bxe3+ 50. Kf3 Kd4 51. Na2 c1Q 0-1

[Event "Bassano del Grappa Vergani Cup"]
[Site "Bassano del Grappa"]
[Date "2023.02.05"]
[Round "9"]
[White "Durak, Can"]
[Black "Ipek, Egehan"]
[Result "1-0"]
[WhiteElo "2350"]
[BlackElo "2135"]
[PlyCount "97"]
[EventDate "2023.02.01"]
[EventType "swiss"]
[EventRounds "9"]
[EventCountry "ITA"]
[SourceTitle "CBM 212 Extra"]
[Source "ChessBase"]
[SourceDate "2023.03.31"]
[SourceVersion "1"]
[SourceVersionDate "2023.03.31"]
[SourceQuality "1"]

1. d4 d5 2. c4 c6 3. Nf3 Nf6 4. Qc2 dxc4 5. Qxc4 Bf5 6. g3 e6 7. Bg2 Nbd7 8. 0-0 Be7 9. Nc3 Ne4 10. Rd1 0-0 11. Nxe4 Bxe4 12. Ne1 Nb6 13. Qb3 Qd5 14. Bxe4 Qxe4 15. Qd3 Qxd3 16. Nxd3 Rfd8 17. e3 c5 18. dxc5 Na4 19. Rd2 Nxc5 20. Nxc5 Bxc5 21. Kf1 f6 22. Ke2 Kf7 23. Rxd8 Rxd8 24. Bd2 e5 25. Rc1 Bd6 26. e4 Rd7 27. Be3 a6 28. Bb6 Ke6 29. Rc8 Be7 30. Rh8 Rd6 31. Be3 h6 32. Rb8 Rd7 33. Rc8 Bd6 34. Bb6 f5 35. exf5+ Kxf5 36. Rc4 Be7 37. f3 Bg5 38. Ba5 h5 39. Bc3 Bf6 40. Rc5 Ke6 41. Rc8 Rd8 42. Rc7 Rd7 43. Rxd7 Kxd7 44. Kd3 Ke6 45. Ke4 g5 46. h3 b5 47. b3 a5 48. Bxa5 Be7 49. Bc7 1-0

[Event "Bassano del Grappa Vergani Cup"]
[Site "Bassano del Grappa"]
[Date "2023.02.04"]
[Round "7"]
[White "Durak, Can"]
[Black "Maldonado Gonzales, Stefano"]
[Result "0-1"]
[WhiteElo "2350"]
[BlackElo "2092"]
[PlyCount "98"]
[EventDate "2023.02.01"]
[EventType "swiss"]
[EventRounds "9"]
[EventCountry "ITA"]
[SourceTitle "CBM 212 Extra"]
[Source "ChessBase"]
[SourceDate "2023.03.31"]
[SourceVersion "1"]
[SourceVersionDate "2023.03.31"]
[SourceQuality "1"]

1. d4 Nf6 2. c4 e6 3. Nc3 d5 4. cxd5 Nxd5 5. e4 Nxc3 6. bxc3 c5 7. Nf3 cxd4 8. cxd4 Bb4+ 9. Bd2 Bxd2+ 10. Qxd2 0-0 11. Bc4 Nd7 12. 0-0 b6 13. Rfe1 Bb7 14. a4 Rc8 15. Bd3 a5 16. Rab1 Qe7 17. Qb2 Rc7 18. Rec1 Rfc8 19. Rxc7 Rxc7 20. Nd2 Qd8 21. Bb5 Bc6 22. Rc1 Bxb5 23. Rxc7 Qxc7 24. Qxb5 Qd6 25. d5 exd5 26. exd5 Nf6 27. Qc6 Qxc6 28. dxc6 Nd5 29. Ne4 Kf8 30. Nd6 Ke7 31. Nf5+ Kd8 32. Nxg7 Kc7 33. Kf1 Kxc6 34. h4 Kc5 35. Ne8 Kb4 36. Nd6 Kxa4 37. Nxf7 b5 38. Nd6 b4 39. g4 b3 40. Ne4 b2 41. Nd2 Ka3 42. Ke2 Ka2 43. Kd3 b1Q+ 44. Nxb1 Kxb1 45. Kc4 a4 46. Kxd5 a3 47. f4 a2 48. f5 a1Q 49. g5 Qa2+ 0-1

[Event "Bassano del Grappa Vergani Cup"]
[Site "Bassano del Grappa"]
[Date "2023.02.04"]
[Round "6"]
[White "Tarhan, Adar"]
[Black "Durak, Can"]
[Result "1/2-1/2"]
[WhiteElo "2296"]
[BlackElo "2350"]
[PlyCount "39"]
[EventDate "2023.02.01"]
[EventType "swiss"]
[EventRounds "9"]
[EventCountry "ITA"]
[SourceTitle "CBM 212 Extra"]
[Source "ChessBase"]
[SourceDate "2023.03.31"]
[SourceVersion "1"]
[SourceVersionDate "2023.03.31"]
[SourceQuality "1"]

1. e4 c5 2. Nf3 Nc6 3. d4 cxd4 4. Nxd4 Nf6 5. Nc3 e5 6. Ndb5 d6 7. Bg5 a6 8. Na3 b5 9. Nd5 Be7 10. Bxf6 Bxf6 11. c3 Bg5 12. Nc2 Rb8 13. a4 bxa4 14. Ncb4 Nxb4 15. cxb4 Bd7 16. Bxa6 0-0 17. 0-0 Qe8 18. Nc7 Qd8 19. Nd5 Qe8 20. Nc7 1/2-1/2

[Event "Bassano del Grappa Vergani Cup"]
[Site "Bassano del Grappa"]
[Date "2023.02.03"]
[Round "4"]
[White "Ceres, Dragos"]
[Black "Durak, Can"]
[Result "1/2-1/2"]
[WhiteElo "2409"]
[BlackElo "2350"]
[PlyCount "77"]
[EventDate "2023.02.01"]
[EventType "swiss"]
[EventRounds "9"]
[EventCountry "ITA"]
[SourceTitle "CBM 212 Extra"]
[Source "ChessBase"]
[SourceDate "2023.03.31"]
[SourceVersion "1"]
[SourceVersionDate "2023.03.31"]
[SourceQuality "1"]

1. e4 e5 2. Nf3 Nf6 3. d4 Nxe4 4. Bd3 d5 5. Nxe5 Nd7 6. Nxd7 Bxd7 7. 0-0 Bd6 8. Nc3 Nxc3 9. bxc3 0-0 10. Qh5 f5 11. Qf3 c6 12. Bf4 Qc7 13. Bxd6 Qxd6 14. c4 dxc4 15. Bxc4+ Kh8 16. c3 Rae8 17. Rfe1 Be6 18. Qe2 Bxc4 19. Qxc4 Re7 20. Re2 Rfe8 21. Rae1 g6 22. g3 Kg7 23. Kf1 b5 24. Rxe7+ Rxe7 25. Rxe7+ Qxe7 26. Qxc6 Qa3 27. d5 Qxa2 28. d6 f4 29. gxf4 Qb1+ 30. Ke2 Qc2+ 31. Ke3 Qc1+ 32. Ke4 Qc2+ 33. Kd4 Qxf2+ 34. Kd5 Qf3+ 35. Kc5 Qxc3+ 36. Kxb5 Qd3+ 37. Ka4 Qd1+ 38. Kb5 Qf1+ 39. Ka5 1/2-1/2

[Event "Bassano del Grappa Vergani Cup"]
[Site "Bassano del Grappa"]
[Date "2023.02.01"]
[Round "1"]
[White "Durak, Can"]
[Black "Liloni, Francesco Mattia"]
[Result "1-0"]
[WhiteElo "2350"]
[BlackElo "2012"]
[PlyCount "73"]
[EventDate "2023.02.01"]
[EventType "swiss"]
[EventRounds "9"]
[EventCountry "ITA"]
[SourceTitle "CBM 212 Extra"]
[Source "ChessBase"]
[SourceDate "2023.03.31"]
[SourceVersion "1"]
[SourceVersionDate "2023.03.31"]
[SourceQuality "1"]

1. d4 d5 2. c4 e6 3. g3 Nf6 4. Bg2 Be7 5. Nf3 0-0 6. 0-0 b6 7. cxd5 exd5 8. Nc3 Bb7 9. Ne5 c5 10. Bf4 Nbd7 11. dxc5 Nxc5 12. Nd3 Nce4 13. Rc1 Rc8 14. Nb5 a6 15. Nd4 Rc4 16. Nf5 g6 17. Nxe7+ Qxe7 18. Be3 b5 19. b3 Rxc1 20. Qxc1 Rc8 21. Qb2 Nc3 22. Bf3 b4 23. Bd4 Nfe4 24. Rc1 a5 25. Nf4 Qd6 26. e3 Rc7 27. h4 Nb5 28. Rxc7 Qxc7 29. Be5 Qc8 30. Bxe4 dxe4 31. Ne2 Qd7 32. Bh8 Kf8 33. Qg7+ Ke8 34. Qe5+ Kf8 35. Bg7+ Kg8 36. Bh6 f5 37. Qf6 1-0

[Event "EU-ch U14 30th"]
[Site "Antalya"]
[Date "2022.11.13"]
[Round "8"]
[White "Gurel, Ediz"]
[Black "Durak, Can"]
[Result "1-0"]
[WhiteElo "2449"]
[BlackElo "2266"]
[PlyCount "71"]
[EventDate "2022.11.06"]
[EventType "swiss"]
[EventRounds "9"]
[EventCountry "TUR"]
[SourceTitle "CBM 211 Extra"]
[Source "ChessBase"]
[SourceDate "2023.01.31"]
[SourceVersion "1"]
[SourceVersionDate "2023.01.31"]
[SourceQuality "1"]

1. Nf3 d5 2. g3 Nf6 3. Bg2 e6 4. 0-0 Be7 5. c4 0-0 6. d4 dxc4 7. Qc2 b6 8. Ne5 Qxd4 9. Bxa8 Qxe5 10. Bf3 Nd5 11. Qxc4 Ba6 12. Qa4 c5 13. Na3 Qc7 14. Bf4 Qb7 15. Bxb8 Rxb8 16. Nb5 Bxb5 17. Qxb5 a6 18. Qd3 Bf6 19. Rfd1 Nb4 20. Bxb7 Nxd3 21. Rxd3 Rxb7 22. Rad1 g5 23. b3 b5 24. Rd7 Rb8 25. Rc7 c4 26. bxc4 bxc4 27. Rxc4 Rb2 28. e3 Rxa2 29. Rd7 a5 30. Ra7 Kg7 31. Rcc7 a4 32. Rxf7+ Kg6 33. Rfb7 a3 34. Rb6 Kf5 35. Ra5+ e5 36. e4+ 1-0